000 00666cab a2200205 4500
001 WB2626-30
008 090401t1990 xxu||||| |||| 00| 0 eng d
035 _a(Sirsi) u3275
041 _aeng
245 _aHouse prices fall
260 _c1990
350 _a0
490 _aDaily Mail
_v4/7/90 p16
490 _aFinancial Times
_v4/7/90 p8(2)
520 _aNationwide Anglia `s latest housing survey shows the largest fall in house prices since 1954 with East Anglia and the South East showing the greatest decrease. First-time buyers are making the most of the lower prices.
650 _aRECESSION
690 _aHOUSING
942 _n0
948 _c04/03/1997
999 _c2002
_d2002